00589nam a2200169Ia 4500008004100000041000800041082001600049100002600065245004500091260002200136300000800158365001600166700002600182906002900208999001900237952016300256230718s9999 xx 000 0 und d aeng a005.74bKRI aKrishna S.J. (Editor) aData Warehousing Trends And Perspectives c2004bICFAI Books a178 cRs.b350.00 aKrishna S.J. (Editor) d12/4/06/IPRESS/2006 cIT c313493d313493 00104073aCCEPbCCEPd2006-04-28eICFAI BranchfITg350.00i12/4/06/IPRESS/2006 o005.74pCCEP-BK-24700r2023-07-18 00:00:00v350.00w2006-04-12yBKz024700